书目信息 |
| 题名: |
开发性金融法律基础研究
|
|
| 作者: | 肖艳旻 著 | |
| 分册: | ||
| 出版信息: | 北京 经济管理出版社 2013 |
|
| 页数: | 228页 | |
| 开本: | 24cm | |
| 丛书名: | ||
| 单 册: | ||
| 中图分类: | D922.280.4 | |
| 科图分类: | ||
| 主题词: | 金融法--研究--中国 , 金融法 | |
| 电子资源: | ||
| ISBN: | 978-7-5096-2685-6 | |
| 000 | 01031nam0 2200253 450 | |
| 001 | 523 | |
| 005 | 20140908081244.96 | |
| 010 | @a978-7-5096-2685-6@dCNY58.00 | |
| 100 | @a20140126d2013 em y0chiy50 ea | |
| 101 | 0 | @achi |
| 102 | @aCN@b110000 | |
| 105 | @ay z 000yy | |
| 106 | @ar | |
| 200 | 1 | @a开发性金融法律基础研究@AKai Fa Xing Jin Rong Fa Lu^ Ji Chu Yan Jiu@dThe study on the legal issues of development finance@f肖艳旻著@FXiao Yan旻 Zhu@zeng |
| 210 | @a北京@c经济管理出版社@d2013 | |
| 215 | @a228页@d24cm | |
| 330 | @a本书尝试对开发性金融的法律理论基础、监管框架等法律问题进行论述,以求构建科学完善的开发性金融法律体系架构。书中还对开发性金融的法律地位,以及与其他相关主体之间的联系给出了科学的界定,同时详细比较了世界各主要国家的开发性金融立法。 | |
| 510 | 1 | @aStudy on the legal issues of development finance@zeng |
| 606 | 0 | @a金融法@x研究@y中国 |
| 606 | 0 | @a金融法 |
| 690 | @aD922.280.4@v5 | |
| 701 | 0 | @a肖艳旻@AXiao Yan旻@4著 |
| 801 | 0 | @aCN@bTANGWEI@c20140603 |
| 905 | @b0839173-75@dD922.280.4@e1090@f3 | |
| 开发性金融法律基础研究=The study on the legal issues of development finance/肖艳旻著.-北京:经济管理出版社,2013 |
| 228页;24cm |
| ISBN 978-7-5096-2685-6:CNY58.00 |
| 本书尝试对开发性金融的法律理论基础、监管框架等法律问题进行论述,以求构建科学完善的开发性金融法律体系架构。书中还对开发性金融的法律地位,以及与其他相关主体之间的联系给出了科学的界定,同时详细比较了世界各主要国家的开发性金融立法。 |
| ● |
| 相关链接 |
|
|
|
|
正题名:开发性金融法律基础研究
索取号:D922.280.4/1090
 
预约/预借
| 序号 | 登录号 | 条形码 | 馆藏地/架位号 | 状态 | 备注 |
| 1 | 0839173 | 208391738 | 第一样本阅览室/ [索取号:D922.280.4/1090] | 在馆 | |
| 2 | 0839174 | 208391747 | 第一借阅区/ [索取号:D922.280.4/1090] | 在馆 | |
| 3 | 0839175 | 208391756 | 密集书库-史法系/ [索取号:D922.280.4/1090] | 在馆 |